| 000 | 05893cam a22019934i 4500 | ||
|---|---|---|---|
| 003 | PE-LiUPU | ||
| 005 | 20250813165315.0 | ||
| 008 | 150923s2013 mx a rb 000 0 spa d | ||
| 020 | _a6073221223 | ||
| 020 | _a9786073221221 | ||
| 035 | _a(Sirsi) i9786073221221 | ||
| 040 |
_aPE-LiUPU _bspa _cPE-LiUPU _erda |
||
| 041 | 1 |
_aspa _heng |
|
| 049 | _aPRUA | ||
| 082 | 0 | 4 |
_a658.5 _bK79 _2 |
| 100 | 1 |
_aKrajewski, Lee J., _eautor. |
|
| 245 | 1 | 0 |
_aAdministración de operaciones : _bprocesos y cadena de suministro / _cLee J. Krajewski, Larry P. Ritzman, Manoj K. Malhotra ; traducción, Marcia González Osuna. |
| 250 | _aDécima edición. | ||
| 264 | 1 |
_aMéxico : _bPearson, _c2013. |
|
| 300 |
_axix, 636 páginas : _bilustraciones ; _c27 centímetros. |
||
| 336 |
_atext _2rdacontent |
||
| 337 |
_aunmediated _2rdamedia |
||
| 338 |
_avolume _2rdacarrier |
||
| 490 | 0 | _aIngeniería | |
| 504 | _aIncluye referencias bibliográficas. | ||
| 505 | 0 | _aUso de las operaciones para competir -- Administración de proyectos -- Estrategia de procesos -- Análisis de procesos -- Calidad y desempeño -- Planeación de la capacidad -- Administración de restricciones -- Sistemas esbeltos -- Administración del inventario de la cadena de suministro -- Diseño de la cadena de suministro -- Decisiones de localización en la cadena de suministro -- Integración de la cadena de suministro -- Sustentabilidad de la cadena de suministro y logística humanitaria. | |
| 526 | _aP203 | ||
| 526 | _aP200 | ||
| 526 | _aSEG65 | ||
| 526 | _aSEG64 | ||
| 526 | _aSEG63 | ||
| 526 | _aSEG62 | ||
| 526 | _aSEG61 | ||
| 526 | _aSEG60 | ||
| 526 | _aSEG59 | ||
| 526 | _aSEG58 | ||
| 526 | _aSEG57 | ||
| 526 | _aSEG56 | ||
| 526 | _aSEG55 | ||
| 526 | _aSEG54 | ||
| 526 | _aSEG53 | ||
| 526 | _aSEG52 | ||
| 526 | _aSEG51 | ||
| 526 | _aSEG50 | ||
| 526 | _aSEG49 | ||
| 526 | _aSEG48 | ||
| 526 | _aSEG47 | ||
| 526 | _aSEG46 | ||
| 526 | _aSEG24 | ||
| 526 | _aSEG23 | ||
| 526 | _aSEG22 | ||
| 526 | _aSEG21 | ||
| 526 | _aSEG20 | ||
| 526 | _aSEG19 | ||
| 526 | _aSEG18 | ||
| 526 | _aSEG17 | ||
| 526 | _aSEG16 | ||
| 526 | _aSEG14 | ||
| 526 | _aSEG13 | ||
| 526 | _aSEG12 | ||
| 526 | _aSEG11 | ||
| 526 | _aSEG10 | ||
| 526 | _aSEG09 | ||
| 526 | _aSEG06 | ||
| 526 | _aSEG05 | ||
| 526 | _aSEG04 | ||
| 526 | _aSEG03 | ||
| 526 | _aSEG02 | ||
| 526 | _aSEG68 | ||
| 526 | _aSEG66 | ||
| 526 | _aSEG45 | ||
| 526 | _aSEG25 | ||
| 526 | _aSEG01 | ||
| 526 | _aP163 | ||
| 526 | _aP162 | ||
| 526 | _aP161 | ||
| 526 | _aP160 | ||
| 526 | _aP159 | ||
| 526 | _aP158 | ||
| 526 | _aP157 | ||
| 526 | _aP156 | ||
| 526 | _aP155 | ||
| 526 | _aP154 | ||
| 526 | _aP153 | ||
| 526 | _aP152 | ||
| 526 | _aP151 | ||
| 526 | _aP150 | ||
| 526 | _aP149 | ||
| 526 | _aP142 | ||
| 526 | _aP141 | ||
| 526 | _aP140 | ||
| 526 | _aP139 | ||
| 526 | _aP138 | ||
| 526 | _aP137 | ||
| 526 | _aP132 | ||
| 526 | _aP131 | ||
| 526 | _aP130 | ||
| 526 | _aP126 | ||
| 526 | _aP125 | ||
| 526 | _aP124 | ||
| 526 | _aP123 | ||
| 526 | _aP115 | ||
| 526 | _aP122 | ||
| 526 | _aP121 | ||
| 526 | _aP116 | ||
| 526 | _a P114 | ||
| 526 | _aP112 | ||
| 526 | _aP111 | ||
| 526 | _aP104 | ||
| 526 | _aP103 | ||
| 526 | _aP102 | ||
| 526 | _aP101 | ||
| 526 | _aP100 | ||
| 526 | _aP96 | ||
| 526 | _aP95 | ||
| 526 | _aP93 | ||
| 526 | _aP92 | ||
| 526 | _aP91 | ||
| 526 | _aP88 | ||
| 526 | _aP83 | ||
| 526 | _aP82 | ||
| 526 | _aP79 | ||
| 526 | _aP78 | ||
| 526 | _aP75 | ||
| 526 | _aP74 | ||
| 526 | _aP71 | ||
| 526 | _aP69 | ||
| 526 | _a P51 | ||
| 526 | _aP49 | ||
| 526 | _aP48 | ||
| 526 | _aP47 | ||
| 526 | _aP33 | ||
| 526 | _aP31 | ||
| 526 | _a P30 | ||
| 526 | _aP29 | ||
| 526 | _aP27 | ||
| 526 | _aP26 | ||
| 526 | _aP25 | ||
| 526 | _aP24 | ||
| 526 | _a P22 | ||
| 526 | _aP10 | ||
| 526 | _aP09 | ||
| 526 | _a P08 | ||
| 526 | _aP06 | ||
| 526 | _aP05 | ||
| 526 | _aP04 | ||
| 526 | _aP01 | ||
| 534 |
_pTítulo original : _tOperations management : processes and supply chains. |
||
| 541 | _gE001-21; | ||
| 650 | 1 | 7 |
_aGestión de la producción _2embne |
| 650 | 2 | 4 | _aControl de producción. |
| 658 | _aAdministración de la producción. | ||
| 700 | 1 |
_aGonzález Osuna, Marcia, _eautor. |
|
| 700 | 1 |
_aMalhotra, Manoj K., _eautor. |
|
| 700 | 1 |
_aRitzman, Larry P., _eautor. |
|
| 910 |
_acce _bjvq _ccce _d20150923 |
||
| 910 |
_adbm _bncf _cncf _d20190509 |
||
| 910 |
_adbm _bncf _cncf _d20191230 |
||
| 942 |
_2ddc _cBOOK |
||
| 949 |
_a658.5 K79 _wDEWEY _c1 _i70120 _d2016-8-1 _e2016-4-20 _lCCODEBUL1 _mBUL _n3 _p36.00 _r0 _sY _tBOOK _u2015-7-20 _xFCE _PP04 _0COMPRA _o.STAFF. Colección Ciencias Empresariales |
||
| 949 |
_aPGA 658.5 K79 _wDEWEY _c1 _i71513 _lCCODEBUL1 _mBUL _r0 _sY _tBOOK _u2015-9-23 _xFCE _PP47 _0COMPRA _o.CIRCNOTE. No olvidar cambiar la fecha de devolución!!!!!!! _o.STAFF. Colección Ciencias Empresariales |
||
| 994 |
_aC0 _bPEPRU |
||
| 596 | _a1 | ||
| 999 |
_a658.5 K79 _wDEWEY _c6343 _i70120 _d6343 _e2019-10-21 _f2021-11-8 _g6 _lCCODEBUL1 _mBUL _n8 _p36.00 _r0 _sY _tBOOK _u2015-7-20 _xFCE _PP04 _0COMPRA _o.STAFF. Colección Ciencias Empresariales |
||
| 999 |
_a658.5 K79 _wDEWEY _c2 _i80976 _f2021-11-8 _g2 _lCCODEBUL1 _mBUL _p78.44 _r0 _sY _tBOOK _u2019-12-30 _xFCE _PP04 _0COMPRA _1FCOMPR4 _o.PUBLIC. _o.STAFF. Colección Ciencias Empresariales |
||
| 999 |
_aPGA 658.5 K79 _wDEWEY _c1 _i71513 _d2018-11-30 _e2018-10-3 _f2021-11-8 _g6 _lCCODEBUL1 _mBUL _n7 _p50.10 _q2 _r0 _sY _tBOOK _u2015-9-23 _xFCE _PP47 _0COMPRA _o.CIRCNOTE. No olvidar cambiar la fecha de devolución!!!!!!! _o.STAFF. Colección Ciencias Empresariales |
||
| 980 |
_81 _gALBERTO SANCHEZ Responsable de Automatización |
||